000 00840cam a22002411 4500
999 _c20284
_d20284
001 8937588
003 BDDh-ASL
005 20231015025852.0
008 761006s1965 pk a d 001 0 mul
010 _asa 66003866
035 _a(OCoLC)2484916
040 _aDLC
_cNcRS
_dDLC
_dBDDh-ASL
042 _apremarc
050 0 0 _aBP40
_b.H8 1965
082 _a297.03
_bHUD
100 1 _aHughes, Thomas Patrick,
_d1838-1911.
245 1 2 _aA dictionary of Islam:
_bbeing a cyclopaedia of the doctrines, rites, ceremonies and customs, together with the technical and theological terms of the Muhammadan religion/
_cRev. by eminent scholars.
260 _aLahore:
_bPremier Book House,
_c1964.
300 _av, 750 p.
_billus.
_c25 cm.
650 0 _aIslam
_vDictionaries.
906 _a7
_bcbc
_coclcrpl
_du
_encip
_f19
_gy-gencatlg
942 _2ddc
_cBK